Ochrana a presadzovanie ľudských práv vo vonkajších vzťahoch Európskej únie bakalárska práca

Saved in:
Bibliographic Details
Main Author: Kytašová, Kristína
Corporate Author: Fakulta medzinárodných vzťahov EU. Katedra medzinárodného práva
Other Authors: Bocková, Lucia, 1978-
Format: Book
Language:Slovak
Published: Bratislava 2024
Tags: Add Tag
No Tags, Be the first to tag this record!

MARC

LEADER 00000nbm a2200000 4500
001 0301807
005 20250910105939.3
041 0 |a slo 
044 |a SK 
245 1 0 |a Ochrana a presadzovanie ľudských práv vo vonkajších vzťahoch Európskej únie  |b bakalárska práca  |c Kristína Kytašová ; školiteľ: Lucia Bocková 
264 1 |a Bratislava  |c 2024 
300 |a 52 s. 
100 1 |a Kytašová, Kristína 
700 1 |a Bocková, Lucia, 1978- 
710 2 |a Fakulta medzinárodných vzťahov EU. Katedra medzinárodného práva